00738nam a2200253 a 450000100060000000300080000600500170001400800390003102000150007003500190008504000180010404100080012208200220013024500780015225000120023026000320024230000350027450000400030950400510034965000180040065000270041865000180044570000210046311130BD-RjUL20211208235057.0140126s1996 moua b 001 0 eng a0815164831 a(BD-RjUL)11179 aDLCcDLCbeng aeng00a572221bBIO 199600aBiochemistry :bA case-oriented approach /cRex Montgomery, ... [et al.]. a6th ed. aSt. Louis :bMosby,cc1996. axvii, 683 p. :bill. ;c28 cm. aPrevious ed. m.e. under Montgomery. aIncludes bibliographical references and index. 0aBiochemistry. 0aClinical biochemistry. 2aBiochemistry.1 aMontgomery, Rex.